[Event "Oberliga Bayern 9394"]
[Site "Bayern"]
[Date "1993.10.10"]
[Round "1.8"]
[White "Schlosser, Hans"]
[Black "Schoener, Christoph"]
[Result "1-0"]
[WhiteElo "2345"]
[BlackElo "2014"]
[PlyCount "135"]
[EventDate "1993.10.10"]
[EventType "team-tourn"]
[EventRounds "9"]
[EventCountry "GER"]
[SourceTitle "EXT 2020"]
[Source "ChessBase"]
[SourceDate "2019.10.17"]
[SourceVersion "1"]
[SourceVersionDate "2019.10.17"]
[SourceQuality "1"]
[WhiteTeam "Pang/Rosenheim"]
[BlackTeam "Muenchen Siemens"]
[WhiteTeamCountry "GER"]
[BlackTeamCountry "GER"]

1. d4 Nf6 2. Nf3 g6 3. g3 Bg7 4. Bg2 0-0 5. 0-0 d6 6. c4 Nbd7 7. Nc3 e5 8. d5 h6 9. Ne1 Nh7 10. e4 a5 11. Nd3 b6 12. Be3 Nc5 13. Nxc5 bxc5 14. Qd2 g5 15. a4 Nf6 16. f3 Kh7 17. g4 Ng8 18. Qf2 Bf6 19. Qd2 Bg7 20. Qe1 Bd7 21. Nb5 Qb8 22. h4 Bf6 23. hxg5 hxg5 24. Qd2 Kg6 25. Kf2 Nh6 26. Rh1 Be7 27. Bf1 f6 28. Be2 Rh8 29. Rh5 Qd8 30. Rah1 Bf8 31. Bd1 Bg7 32. Kg3 Bf8 33. Qh2 Bg7 34. Bc2 Bc8 35. b3 Bd7 36. Bd2 Qc8 37. Bd1 Qd8 38. Qg1 Qb8 39. Qe1 Qb6 40. Bc2 Bf8 41. Nc3 Bg7 42. Qf2 Qb8 43. Nd1 Qb6 44. Ne3 Kf7 45. Qe1 Ke7 46. R1h2 Rh7 47. Kg2 Kf7 48. Nf1 Rhh8 49. Ng3 Rh7 50. Bd1 Kg6 51. R5h3 Kf7 52. Nh5 Kg6 53. Rh1 Rhh8 54. Kg3 Kf7 55. R1h2 Rh7 56. Bc2 Qa6 57. Bd1 Qb6 58. Kg2 Qa6 59. Nxg7 Kxg7 60. Bxg5 fxg5 61. Qe3 Rg8 62. Rxh6 Rxh6 63. Qxg5+ Kf7 64. Qxh6 Qb6 65. Qd2 Rg7 66. Rh8 Qa6 67. Qh6 Qb7 68. g5 1-0